000 00898nam a2200265 i 4500
001 188840
003 SpMaBN
005 20251017063116.0
008 190218s2009 sp |||| | spa d
020 _a978-84-339-7510-2
080 _a821.111-31"19"
100 1 _aCoe, Jonathan,
_d1961-
_9166360
245 1 3 _aLa lluvia antes de caer /
_cJonathan Coe ; traducción de Javier Lacruz.
250 _a4ª ed.
260 _aBarcelona :
_bAnagrama,
_c2009.
300 _a248 p. ;
_c22 cm.
490 1 _aPanorama de narrativas ;
_v729
700 1 _aLacruz, Javier.
_969410
830 0 0 _aPanorama de narrativas
_v729
_9123642
852 _aES-MaACL
_jA-14358
_9 195974
_bR.151553
_cDEPO1
_dOlim: N-7358
_hDonacion: Pilar Fernandez Vera
903 _aFernández Vera, Pilar,
_d1961-
_ednr
_949420
942 _2udc
_cMONOGRAFIA
999 _c188840
_d188840